000 00300nam a2200133Ia 4500
008 231129s1971||||xx |||||||||||||| ||spa||
040 _bspa
082 _aU813 F688j
100 _aFoote Horton
245 0 _aLa jauria humana
260 _c1971
264 _aCirculo de Lectores
942 _2ddc
_cBKS
999 _c17446
_d17446